000 00655nam a2200181 a 4500
008 120416s1994 ||||||||||||||||| || u
020 _a0521598907
050 _aQE 501.4.P3 Coa
100 _aCarter, R. W. G
245 1 0 _aCoastal evolution
_cedited by R. W. G. Carter
246 _alate quaternary shoreline morphodynamics
260 _aCambridge
_bCUP
_c1994
300 _axxi, 517p. : ill.
350 _a0.00
650 _aCOASTAL EVOLUTION
700 _aWoodroffe, C. D
995 _D0.00
_FCBU-MAIN LIBRARY (Kitwe)
_H1
_I37.90
_M1
_UAVAILABLE
_WMar 15, 2007
_ZAnnex Low-Usage Collection
999 _c37631
_d37631